[Event "Rapid 2018"]
[Site "Saint-Petersburg"]
[Date "2018.12.28"]
[Round "13"]
[Board "61"]
[White "Roiz Michael (ISR)"]
[Black "Anisimov Pavel (RUS)"]
[Result "1-0"]
[LiveChessVersion "1.4.8"]
[BlackElo "2513"]
[WhiteElo "2611"]

1. Nf3 {[%clk 0:14:40]} d5 {[%clk 0:15:09]} 2. g3 {[%clk 0:14:42]} c5
{[%clk 0:15:14]} 3. Bg2 {[%clk 0:14:50]} Nc6 {[%clk 0:15:23]} 4. d4
{[%clk 0:14:58]} e6 {[%clk 0:15:23]} 5. O-O {[%clk 0:15:04]} Qb6 {[%clk 0:15:30]}
6. c4 {[%clk 0:12:38]} cxd4 {[%clk 0:14:21]} 7. cxd5 {[%clk 0:12:17]} exd5
{[%clk 0:14:28]} 8. Nbd2 {[%clk 0:12:18]} g6 {[%clk 0:13:01]} 9. Nb3
{[%clk 0:12:05]} Bg7 {[%clk 0:13:10]} 10. e3 {[%clk 0:11:12]} d3 {[%clk 0:11:19]}
11. Qxd3 {[%clk 0:11:05]} Nf6 {[%clk 0:11:20]} 12. Nbd4 {[%clk 0:10:18]} O-O
{[%clk 0:11:18]} 13. b3 {[%clk 0:10:10]} Ne4 {[%clk 0:10:12]} 14. Bb2
{[%clk 0:09:54]} Re8 {[%clk 0:09:44]} 15. Qc2 {[%clk 0:07:03]} Bd7
{[%clk 0:07:35]} 16. Nxc6 {[%clk 0:07:10]} bxc6 {[%clk 0:07:28]} 17. Bxg7
{[%clk 0:07:08]} Kxg7 {[%clk 0:07:37]} 18. Rac1 {[%clk 0:06:57]} Rac8
{[%clk 0:07:31]} 19. Rfd1 {[%clk 0:06:30]} Kg8 {[%clk 0:07:34]} 20. Qb2
{[%clk 0:05:21]} a5 {[%clk 0:06:28]} 21. Ne5 {[%clk 0:04:55]} Be6
{[%clk 0:05:49]} 22. Bxe4 {[%clk 0:03:53]} dxe4 {[%clk 0:05:58]} 23. Nd7
{[%clk 0:04:02]} Bxd7 {[%clk 0:05:53]} 24. Rxd7 {[%clk 0:04:11]} Rcd8
{[%clk 0:04:38]} 25. Qd2 {[%clk 0:03:48]} Rxd7 {[%clk 0:04:21]} 26. Qxd7
{[%clk 0:03:57]} Rd8 {[%clk 0:03:33]} 27. Qxc6 {[%clk 0:03:15]} Qxc6
{[%clk 0:03:41]} 28. Rxc6 {[%clk 0:03:24]} Rd2 {[%clk 0:03:31]} 29. a4
{[%clk 0:03:19]} Rb2 {[%clk 0:03:32]} 30. Rb6 {[%clk 0:03:23]} h5
{[%clk 0:03:19]} 31. h3 Kg7 {[%clk 0:02:59]} 32. g4 {[%clk 0:02:53]} hxg4
{[%clk 0:01:59]} 33. hxg4 {[%clk 0:03:02]} g5 {[%clk 0:01:44]} 34. Rb5
{[%clk 0:02:34]} f6 {[%clk 0:01:50]} 35. Rxa5 {[%clk 0:02:03]} Rxb3
{[%clk 0:01:59]} 36. Rb5 {[%clk 0:02:12]} Ra3 {[%clk 0:01:57]} 37. Rb4
{[%clk 0:02:21]} Kg6 {[%clk 0:00:35]} 38. Rxe4 {[%clk 0:02:29]} Ra2
{[%clk 0:00:41]} 39. Kg2 {[%clk 0:02:32]} Kf7 {[%clk 0:00:45]} 40. Kg3
{[%clk 0:02:40]} Ra1 {[%clk 0:00:51]} 41. f4 {[%clk 0:02:20]} gxf4+
{[%clk 0:00:44]} 42. exf4 {[%clk 0:02:29]} Kg6 {[%clk 0:00:43]} 43. f5+
{[%clk 0:01:48]} Kg5 {[%clk 0:00:46]} 44. Kf3 {[%clk 0:01:56]} Kh4
{[%clk 0:00:35]} 45. Rc4 {[%clk 0:01:29]} Ra3+ {[%clk 0:00:33]} 46. Ke2
{[%clk 0:01:37]} Kg3 {[%clk 0:00:26]} 47. Kd2 {[%clk 0:01:47]} Kf3
{[%clk 0:00:26]} 48. Rc3+ {[%clk 0:01:49]} 1-0

[Event "Rapid 2018"]
[Site "Saint-Petersburg"]
[Date "2018.12.28"]
[Round "13"]
[Board "62"]
[White "Tsydypov Zhamsaran (RUS)"]
[Black "Gutenev Alexander (RUS)"]
[Result "1-0"]
[LiveChessVersion "1.4.8"]
[BlackElo "2490"]
[WhiteElo "2595"]

1. c4 {[%clk 0:15:17]} Nf6 {[%clk 0:14:50]} 2. Nf3 {[%clk 0:15:16]} g6
{[%clk 0:14:58]} 3. Nc3 {[%clk 0:15:23]} d5 {[%clk 0:15:06]} 4. cxd5
{[%clk 0:15:25]} Nxd5 {[%clk 0:15:15]} 5. h4 {[%clk 0:15:19]} Nxc3
{[%clk 0:14:49]} 6. bxc3 {[%clk 0:15:28]} h6 {[%clk 0:14:43]} 7. d4
{[%clk 0:15:23]} Bg7 {[%clk 0:14:34]} 8. Bf4 {[%clk 0:15:16]} c5 {[%clk 0:13:55]}
9. Qd2 {[%clk 0:13:41]} Qa5 {[%clk 0:12:59]} 10. Rc1 {[%clk 0:13:41]} Bf5
{[%clk 0:12:07]} 11. h5 {[%clk 0:10:28]} g5 {[%clk 0:08:53]} 12. Be5
{[%clk 0:10:32]} f6 {[%clk 0:08:34]} 13. Bg3 {[%clk 0:10:20]} Nc6
{[%clk 0:08:19]} 14. e3 {[%clk 0:10:05]} O-O {[%clk 0:07:51]} 15. d5
{[%clk 0:09:43]} Rad8 {[%clk 0:07:28]} 16. Qb2 {[%clk 0:03:35]} Ne5
{[%clk 0:05:33]} 17. Nxe5 {[%clk 0:03:30]} fxe5 {[%clk 0:05:42]} 18. Bc4
{[%clk 0:03:11]} Kh8 {[%clk 0:04:23]} 19. Qxb7 {[%clk 0:03:07]} Rb8
{[%clk 0:03:29]} 20. Qxe7 {[%clk 0:02:42]} Rfe8 {[%clk 0:03:37]} 21. Qd6
{[%clk 0:02:37]} Rb6 {[%clk 0:01:28]} 22. Qc7 {[%clk 0:02:44]} Qa4
{[%clk 0:01:34]} 23. Bb3 {[%clk 0:01:16]} Qb5 {[%clk 0:01:43]} 24. d6
{[%clk 0:00:49]} Rb7 {[%clk 0:01:22]} 25. Ba4 {[%clk 0:00:58]} Qb2
{[%clk 0:01:30]} 26. Qxb7 {[%clk 0:00:58]} Qxc1+ {[%clk 0:00:49]} 27. Ke2
{[%clk 0:01:06]} Qxh1 {[%clk 0:00:47]} 28. Bxe8 {[%clk 0:01:03]} e4
{[%clk 0:00:34]} 29. Bd7 {[%clk 0:01:04]} Bxc3 {[%clk 0:00:21]} 30. Be5+
{[%clk 0:01:07]} Bxe5 {[%clk 0:00:20]} 31. Bxf5 {[%clk 0:01:15]} Qxh5+
{[%clk 0:00:18]} 32. g4 {[%clk 0:01:24]} 1-0

[Event "Rapid 2018"]
[Site "Saint-Petersburg"]
[Date "2018.12.28"]
[Round "13"]
[Board "63"]
[White "Bindrich Falko (GER)"]
[Black "Teterev Vitaly (BLR)"]
[Result "1-0"]
[LiveChessVersion "1.4.8"]
[BlackElo "2472"]
[WhiteElo "2584"]

1. d4 {[%clk 0:15:18]} Nf6 {[%clk 0:15:19]} 2. c4 {[%clk 0:15:27]} g6
{[%clk 0:15:28]} 3. Nf3 {[%clk 0:15:33]} Bg7 {[%clk 0:15:36]} 4. e3
{[%clk 0:15:41]} O-O {[%clk 0:15:42]} 5. Be2 {[%clk 0:15:50]} d6 {[%clk 0:15:47]}
6. O-O {[%clk 0:15:57]} Nbd7 {[%clk 0:15:55]} 7. Nc3 {[%clk 0:16:05]} e5
{[%clk 0:16:03]} 8. b3 {[%clk 0:16:08]} Re8 {[%clk 0:16:05]} 9. Bb2
{[%clk 0:16:11]} e4 {[%clk 0:15:08]} 10. Nd2 {[%clk 0:16:19]} Nf8
{[%clk 0:15:16]} 11. Nd5 {[%clk 0:16:21]} Nxd5 {[%clk 0:15:16]} 12. cxd5
{[%clk 0:16:29]} Qg5 {[%clk 0:15:24]} 13. Re1 {[%clk 0:15:15]} Qxd5
{[%clk 0:15:26]} 14. Qc2 {[%clk 0:15:23]} c6 {[%clk 0:14:20]} 15. b4
{[%clk 0:15:09]} a6 {[%clk 0:13:18]} 16. Nc4 {[%clk 0:14:29]} Nd7
{[%clk 0:13:25]} 17. f3 {[%clk 0:14:29]} exf3 {[%clk 0:12:48]} 18. Bxf3
{[%clk 0:14:34]} Qe6 {[%clk 0:12:57]} 19. e4 {[%clk 0:14:34]} Qe7
{[%clk 0:11:40]} 20. Rad1 {[%clk 0:11:49]} Nf6 {[%clk 0:10:55]} 21. h3
{[%clk 0:10:02]} Rd8 {[%clk 0:08:36]} 22. d5 {[%clk 0:09:44]} cxd5
{[%clk 0:08:16]} 23. Nb6 {[%clk 0:09:52]} Rb8 {[%clk 0:07:47]} 24. exd5
{[%clk 0:08:18]} Qf8 {[%clk 0:07:13]} 25. Qc7 {[%clk 0:06:36]} Bf5
{[%clk 0:06:49]} 26. g4 {[%clk 0:06:44]} Ne8 {[%clk 0:05:53]} 27. Bxg7
{[%clk 0:04:42]} Qxg7 {[%clk 0:05:47]} 28. Qe7 {[%clk 0:04:40]} Bc2
{[%clk 0:05:30]} 29. Rc1 {[%clk 0:04:08]} Qd4+ {[%clk 0:05:15]} 30. Qe3
{[%clk 0:04:16]} Qd3 {[%clk 0:04:55]} 31. Qxd3 {[%clk 0:03:21]} Bxd3
{[%clk 0:05:04]} 32. Re3 {[%clk 0:03:30]} Bb5 {[%clk 0:05:05]} 33. a4
{[%clk 0:03:39]} Bd7 {[%clk 0:05:06]} 34. Re7 {[%clk 0:03:46]} Bc8
{[%clk 0:04:59]} 35. Nxc8 {[%clk 0:02:26]} Rdxc8 {[%clk 0:04:39]} 36. Rxc8
{[%clk 0:02:34]} Rxc8 {[%clk 0:04:47]} 37. Rxb7 {[%clk 0:02:42]} Kf8
{[%clk 0:04:01]} 38. Be2 {[%clk 0:02:13]} Ra8 {[%clk 0:03:57]} 39. g5
{[%clk 0:02:01]} a5 {[%clk 0:04:02]} 40. b5 {[%clk 0:02:08]} Ng7 {[%clk 0:03:31]}
41. Bg4 {[%clk 0:02:00]} Nf5 {[%clk 0:03:40]} 42. Bxf5 {[%clk 0:02:05]} gxf5
{[%clk 0:03:49]} 43. Rb6 {[%clk 0:01:42]} Re8 {[%clk 0:02:42]} 44. Ra6
{[%clk 0:01:45]} Re2 {[%clk 0:02:46]} 45. Rxa5 {[%clk 0:01:51]} Rb2
{[%clk 0:02:44]} 46. Ra6 {[%clk 0:01:56]} Rb4 {[%clk 0:02:11]} 47. b6
{[%clk 0:02:04]} Kg7 {[%clk 0:02:15]} 48. a5 {[%clk 0:02:11]} Kg6
{[%clk 0:02:24]} 49. Ra7 {[%clk 0:02:19]} Kxg5 {[%clk 0:02:29]} 50. Rxf7
{[%clk 0:02:06]} Kf4 {[%clk 0:02:28]} 51. Kf2 {[%clk 0:02:02]} Rb2+
{[%clk 0:02:34]} 52. Ke1 {[%clk 0:02:11]} Ke3 {[%clk 0:02:08]} 53. Re7+
{[%clk 0:02:10]} Kd4 {[%clk 0:02:06]} 54. b7 {[%clk 0:02:15]} 1-0

[Event "Rapid 2018"]
[Site "Saint-Petersburg"]
[Date "2018.12.28"]
[Round "13"]
[Board "64"]
[White "Zhigalko Andrey (BLR)"]
[Black "Bosiocic Marin (CRO)"]
[Result "0-1"]
[LiveChessVersion "1.4.8"]
[BlackElo "2584"]
[WhiteElo "2523"]

1. e4 {[%clk 0:15:19]} e5 {[%clk 0:15:19]} 2. Nf3 {[%clk 0:15:28]} Nc6
{[%clk 0:15:29]} 3. Bb5 {[%clk 0:15:37]} a6 {[%clk 0:15:38]} 4. Ba4
{[%clk 0:15:46]} b5 {[%clk 0:15:47]} 5. Bb3 {[%clk 0:15:56]} g6 {[%clk 0:15:55]}
6. Nc3 {[%clk 0:15:32]} Bg7 {[%clk 0:15:46]} 7. a4 {[%clk 0:15:39]} b4
{[%clk 0:15:55]} 8. Nd5 {[%clk 0:15:47]} Nge7 {[%clk 0:15:54]} 9. d4
{[%clk 0:14:51]} exd4 {[%clk 0:15:16]} 10. Bg5 {[%clk 0:13:26]} h6
{[%clk 0:14:58]} 11. Bf6 {[%clk 0:12:45]} Bxf6 {[%clk 0:14:47]} 12. Nxf6+
{[%clk 0:12:54]} Kf8 {[%clk 0:14:54]} 13. Nxd4 {[%clk 0:11:57]} Kg7
{[%clk 0:15:01]} 14. O-O {[%clk 0:09:24]} Rf8 {[%clk 0:13:14]} 15. Nd5
{[%clk 0:07:35]} Na5 {[%clk 0:12:16]} 16. Ba2 {[%clk 0:06:33]} Nxd5
{[%clk 0:11:59]} 17. exd5 {[%clk 0:06:07]} c5 {[%clk 0:11:22]} 18. dxc6
{[%clk 0:05:38]} dxc6 {[%clk 0:11:29]} 19. c3 {[%clk 0:05:32]} Rb8
{[%clk 0:11:30]} 20. Qc2 {[%clk 0:03:20]} b3 {[%clk 0:10:35]} 21. Bxb3
{[%clk 0:02:52]} Nxb3 {[%clk 0:10:37]} 22. Nxc6 {[%clk 0:02:38]} Nxa1
{[%clk 0:10:12]} 23. Rxa1 {[%clk 0:02:47]} Qc7 {[%clk 0:10:19]} 24. Nxb8
{[%clk 0:02:55]} Qxb8 {[%clk 0:10:28]} 25. c4 {[%clk 0:02:52]} Qe5
{[%clk 0:10:32]} 26. a5 {[%clk 0:02:23]} Bf5 {[%clk 0:10:38]} 27. Qd2
{[%clk 0:02:15]} Rb8 {[%clk 0:10:42]} 0-1

[Event "Rapid 2018"]
[Site "Saint-Petersburg"]
[Date "2018.12.28"]
[Round "13"]
[Board "65"]
[White "Huzman Alexander (ISR)"]
[Black "Tissir Mohamed (MAR)"]
[Result "1-0"]
[LiveChessVersion "1.4.8"]
[BlackElo "2417"]
[WhiteElo "2572"]

1. d4 {[%clk 0:15:18]} e6 {[%clk 0:15:17]} 2. Nf3 {[%clk 0:15:14]} Nf6
{[%clk 0:15:03]} 3. c4 {[%clk 0:15:18]} d5 {[%clk 0:15:08]} 4. g3
{[%clk 0:15:26]} dxc4 {[%clk 0:15:07]} 5. Bg2 {[%clk 0:15:34]} Bb4+
{[%clk 0:15:17]} 6. Bd2 {[%clk 0:15:21]} Be7 {[%clk 0:15:25]} 7. Qa4+
{[%clk 0:14:58]} Bd7 {[%clk 0:15:24]} 8. Qxc4 Bc6 9. Nc3 {[%clk 0:14:41]} O-O
{[%clk 0:15:40]} 10. O-O {[%clk 0:14:49]} a5 {[%clk 0:15:45]} 11. Rac1
{[%clk 0:12:17]} Nbd7 {[%clk 0:12:53]} 12. Rfd1 {[%clk 0:11:48]} h6
{[%clk 0:12:32]} 13. Qd3 {[%clk 0:11:37]} Re8 {[%clk 0:12:01]} 14. Be1
{[%clk 0:11:19]} Bxf3 {[%clk 0:12:07]} 15. Qxf3 {[%clk 0:11:11]} c6
{[%clk 0:12:16]} 16. e4 {[%clk 0:11:20]} Qb6 {[%clk 0:11:53]} 17. Qe2
{[%clk 0:11:28]} a4 {[%clk 0:10:34]} 18. a3 {[%clk 0:11:14]} e5 {[%clk 0:09:51]}
19. dxe5 {[%clk 0:11:10]} Nxe5 {[%clk 0:10:00]} 20. h3 {[%clk 0:11:18]} g5
{[%clk 0:07:25]} 21. Qc2 {[%clk 0:10:26]} Qa7 {[%clk 0:06:41]} 22. Ne2
{[%clk 0:10:34]} g4 {[%clk 0:06:21]} 23. hxg4 {[%clk 0:09:52]} Nfxg4
{[%clk 0:06:31]} 24. Nd4 {[%clk 0:10:00]} Rad8 {[%clk 0:06:30]} 25. Nf5
{[%clk 0:09:57]} Bg5 {[%clk 0:06:38]} 26. Rb1 {[%clk 0:08:15]} h5
{[%clk 0:06:36]} 27. Kh1 {[%clk 0:07:33]} Rxd1 {[%clk 0:05:59]} 28. Rxd1
{[%clk 0:07:41]} Rd8 {[%clk 0:06:08]} 29. Rxd8+ {[%clk 0:06:44]} Bxd8
{[%clk 0:06:17]} 30. f3 {[%clk 0:06:52]} Ne3 {[%clk 0:06:02]} 31. Qd2
{[%clk 0:05:32]} Bb6 {[%clk 0:06:11]} 32. Nxe3 {[%clk 0:04:30]} Bxe3
{[%clk 0:06:20]} 33. Qd8+ {[%clk 0:04:39]} Kg7 {[%clk 0:04:22]} 34. Bc3
{[%clk 0:04:48]} f6 {[%clk 0:04:16]} 35. Qe7+ {[%clk 0:04:49]} Kg8
{[%clk 0:03:06]} 36. Qxf6 {[%clk 0:04:36]} Bd4 {[%clk 0:03:16]} 37. Qd8+
{[%clk 0:04:45]} 1-0

[Event "Rapid 2018"]
[Site "Saint-Petersburg"]
[Date "2018.12.28"]
[Round "13"]
[Board "66"]
[White "Gabrielian Artur (RUS)"]
[Black "Kazhgaleyev Murtas (KAZ)"]
[Result "0-1"]
[LiveChessVersion "1.4.8"]
[BlackElo "2462"]
[WhiteElo "2546"]

1. e4 {[%clk 0:15:18]} e5 {[%clk 0:15:18]} 2. Nf3 {[%clk 0:15:27]} d6
{[%clk 0:15:25]} 3. d4 {[%clk 0:15:35]} exd4 {[%clk 0:15:33]} 4. Nxd4
{[%clk 0:15:43]} Nf6 {[%clk 0:15:42]} 5. Nc3 {[%clk 0:15:52]} Be7
{[%clk 0:15:50]} 6. Bf4 {[%clk 0:15:53]} O-O {[%clk 0:15:57]} 7. Be2
{[%clk 0:16:01]} Re8 {[%clk 0:16:04]} 8. Qd2 {[%clk 0:16:08]} Bf8
{[%clk 0:16:07]} 9. f3 {[%clk 0:16:06]} a6 {[%clk 0:14:09]} 10. O-O-O
{[%clk 0:16:04]} b5 {[%clk 0:13:05]} 11. g4 {[%clk 0:15:17]} b4 {[%clk 0:10:59]}
12. Nd5 {[%clk 0:14:57]} Nxd5 {[%clk 0:10:51]} 13. exd5 {[%clk 0:15:06]} Bb7
{[%clk 0:10:58]} 14. Bc4 {[%clk 0:14:13]} a5 {[%clk 0:10:32]} 15. Bb5
{[%clk 0:12:01]} Nd7 {[%clk 0:10:24]} 16. Nf5 {[%clk 0:12:03]} Ba6
{[%clk 0:09:43]} 17. Bc6 {[%clk 0:11:51]} Re2 {[%clk 0:09:02]} 18. Qd4
{[%clk 0:11:53]} Rb8 {[%clk 0:09:05]} 19. Rhe1 {[%clk 0:11:23]} Ne5
{[%clk 0:08:07]} 20. Bxe5 {[%clk 0:10:12]} dxe5 {[%clk 0:08:14]} 21. Qa7
{[%clk 0:09:59]} Qg5+ {[%clk 0:07:45]} 22. Ne3 {[%clk 0:06:04]} Rb6
{[%clk 0:07:49]} 23. Qxa6 {[%clk 0:05:00]} Qxe3+ {[%clk 0:07:54]} 0-1

[Event "Rapid 2018"]
[Site "Saint-Petersburg"]
[Date "2018.12.28"]
[Round "13"]
[Board "67"]
[White "Fakhrutdinov Timur (RUS)"]
[Black "Yilmaz Mustafa (TUR)"]
[Result "0-1"]
[LiveChessVersion "1.4.8"]
[BlackElo "2546"]
[WhiteElo "2388"]

1. e4 {[%clk 0:15:18]} c5 {[%clk 0:15:19]} 2. Nf3 {[%clk 0:15:26]} d6
{[%clk 0:15:28]} 3. d4 {[%clk 0:15:35]} cxd4 {[%clk 0:15:37]} 4. Nxd4
{[%clk 0:15:43]} Nf6 {[%clk 0:15:46]} 5. Nc3 {[%clk 0:15:52]} a6 {[%clk 0:15:55]}
6. Be3 {[%clk 0:15:59]} e5 {[%clk 0:16:03]} 7. Nf3 {[%clk 0:16:05]} Qc7
{[%clk 0:16:12]} 8. a4 {[%clk 0:16:09]} Be7 {[%clk 0:16:18]} 9. a5
{[%clk 0:16:01]} O-O {[%clk 0:11:55]} 10. Be2 {[%clk 0:16:09]} Be6
{[%clk 0:10:58]} 11. O-O {[%clk 0:16:05]} h6 {[%clk 0:11:07]} 12. Nd5
{[%clk 0:13:58]} Nxd5 {[%clk 0:11:15]} 13. exd5 {[%clk 0:14:07]} Bg4
{[%clk 0:11:23]} 14. Qd2 {[%clk 0:12:19]} f5 {[%clk 0:08:45]} 15. Bb6
{[%clk 0:09:01]} Qc8 {[%clk 0:08:32]} 16. Ra4 {[%clk 0:08:20]} Nd7
{[%clk 0:08:41]} 17. Rc4 {[%clk 0:07:58]} Qe8 {[%clk 0:08:50]} 18. Bc7
{[%clk 0:07:04]} Rc8 {[%clk 0:07:27]} 19. Qb4 {[%clk 0:05:53]} Bxf3
{[%clk 0:02:30]} 20. Bxf3 {[%clk 0:05:39]} e4 {[%clk 0:02:39]} 21. Be2
{[%clk 0:04:20]} Ne5 {[%clk 0:02:48]} 22. Rc3 {[%clk 0:03:52]} Qd7
{[%clk 0:02:57]} 23. Bb6 {[%clk 0:01:34]} Bf6 {[%clk 0:03:01]} 24. Bd4
{[%clk 0:01:08]} Qe7 {[%clk 0:03:10]} 25. Re1 {[%clk 0:00:46]} Rce8
{[%clk 0:02:58]} 26. Qb6 {[%clk 0:00:21]} Rc8 {[%clk 0:02:22]} 27. Bf1
{[%clk 0:00:24]} Ng4 {[%clk 0:00:58]} 28. h3 {[%clk 0:00:18]} Bxd4
{[%clk 0:01:01]} 29. Qxd4 {[%clk 0:00:26]} Ne5 {[%clk 0:01:06]} 30. Ree3
{[%clk 0:00:30]} Rce8 {[%clk 0:00:52]} 31. Qb6 {[%clk 0:00:30]} Rf7
{[%clk 0:00:49]} 32. b4 {[%clk 0:00:16]} Qf6 {[%clk 0:00:31]} 33. Rc7
{[%clk 0:00:20]} Rxc7 {[%clk 0:00:39]} 34. Qxc7 {[%clk 0:00:28]} Re7
{[%clk 0:00:48]} 35. Qc8+ {[%clk 0:00:27]} Kh7 {[%clk 0:00:55]} 36. Rc3
{[%clk 0:00:15]} Qf7 {[%clk 0:00:51]} 37. Qd8 {[%clk 0:00:14]} Rd7
{[%clk 0:00:59]} 38. Qb6 {[%clk 0:00:16]} Qxd5 {[%clk 0:00:49]} 39. b5
{[%clk 0:00:15]} axb5 {[%clk 0:00:53]} 40. Qxb5 {[%clk 0:00:20]} Qd4
{[%clk 0:00:50]} 41. Rb3 {[%clk 0:00:15]} Rc7 {[%clk 0:00:28]} 42. Qb6
{[%clk 0:00:21]} Qc5 {[%clk 0:00:18]} 43. Rb5 {[%clk 0:00:15]} Qxb6
{[%clk 0:00:13]} 44. Rxb6 {[%clk 0:00:17]} Nc6 {[%clk 0:00:18]} 45. Rb5
{[%clk 0:00:24]} Kg6 {[%clk 0:00:24]} 46. g4 {[%clk 0:00:29]} fxg4
{[%clk 0:00:31]} 47. hxg4 {[%clk 0:00:37]} Nd4 {[%clk 0:00:30]} 48. Rd5
{[%clk 0:00:38]} Nf3+ {[%clk 0:00:31]} 49. Kg2 {[%clk 0:00:42]} Rxc2
{[%clk 0:00:19]} 50. Rxd6+ {[%clk 0:00:48]} Kg5 {[%clk 0:00:28]} 51. Rd7
{[%clk 0:00:26]} Ne1+ {[%clk 0:00:26]} 52. Kg1 {[%clk 0:00:27]} e3
{[%clk 0:00:35]} 53. Rf7 {[%clk 0:00:11]} Kg6 {[%clk 0:00:24]} 54. Rf4
{[%clk 0:00:12]} e2 {[%clk 0:00:33]} 55. Bxe2 {[%clk 0:00:11]} Rxe2
{[%clk 0:00:41]} 56. Rb4 {[%clk 0:00:12]} Ra2 {[%clk 0:00:47]} 57. Rb6+
{[%clk 0:00:13]} Kh7 {[%clk 0:00:56]} 0-1

[Event "Rapid 2018"]
[Site "Saint-Petersburg"]
[Date "2018.12.28"]
[Round "13"]
[Board "68"]
[White "Mikhalevski Victor (ISR)"]
[Black "Hakobyan Aram (ARM)"]
[Result "0-1"]
[LiveChessVersion "1.4.8"]
[BlackElo "2545"]
[WhiteElo "2516"]

1. Nf3 {[%clk 0:13:53]} Nf6 {[%clk 0:15:16]} 2. c4 {[%clk 0:13:56]} g6
{[%clk 0:15:20]} 3. g3 {[%clk 0:13:53]} Bg7 {[%clk 0:15:28]} 4. Bg2
{[%clk 0:14:02]} O-O {[%clk 0:15:36]} 5. O-O {[%clk 0:14:10]} d6 {[%clk 0:15:31]}
6. Nc3 {[%clk 0:14:13]} Nc6 {[%clk 0:15:38]} 7. d3 {[%clk 0:13:45]} a6
{[%clk 0:15:28]} 8. Rb1 {[%clk 0:13:43]} Rb8 {[%clk 0:15:21]} 9. Nd2
{[%clk 0:13:29]} Bd7 {[%clk 0:15:30]} 10. b4 {[%clk 0:13:30]} b5 {[%clk 0:15:37]}
11. a3 {[%clk 0:13:30]} Qc8 {[%clk 0:15:13]} 12. Bb2 {[%clk 0:13:25]} Ne5
{[%clk 0:15:04]} 13. Ba1 {[%clk 0:10:46]} Bh3 {[%clk 0:14:34]} 14. Nde4
{[%clk 0:09:04]} Bxg2 {[%clk 0:14:34]} 15. Nxf6+ {[%clk 0:08:40]} exf6
{[%clk 0:13:18]} 16. Kxg2 {[%clk 0:08:47]} c6 {[%clk 0:13:10]} 17. Ne4
{[%clk 0:07:28]} Qe6 {[%clk 0:13:18]} 18. c5 {[%clk 0:07:35]} d5 {[%clk 0:13:14]}
19. Nd2 {[%clk 0:07:44]} h5 {[%clk 0:13:05]} 20. h4 {[%clk 0:06:38]} Rfe8
{[%clk 0:13:03]} 21. Nb3 {[%clk 0:06:41]} f5 {[%clk 0:13:01]} 22. Qd2
{[%clk 0:06:33]} Kh7 {[%clk 0:12:34]} 23. Bd4 {[%clk 0:06:11]} Re7
{[%clk 0:12:22]} 24. e3 {[%clk 0:05:52]} Rbe8 {[%clk 0:11:52]} 25. Ra1
{[%clk 0:05:47]} Bh6 {[%clk 0:10:45]} 26. Qd1 {[%clk 0:04:16]} Ng4
{[%clk 0:10:33]} 27. a4 {[%clk 0:03:28]} f6 {[%clk 0:10:01]} 28. Nd2
{[%clk 0:03:07]} g5 {[%clk 0:09:58]} 29. Nf3 {[%clk 0:03:05]} f4 {[%clk 0:09:17]}
30. hxg5 {[%clk 0:02:19]} fxg5 {[%clk 0:09:16]} 31. exf4 {[%clk 0:02:26]} gxf4
{[%clk 0:09:18]} 32. Rh1 {[%clk 0:02:16]} Qg6 {[%clk 0:08:07]} 33. Nh4
{[%clk 0:01:40]} Qf7 {[%clk 0:08:16]} 34. Nf3 {[%clk 0:01:49]} Re2
{[%clk 0:07:53]} 35. axb5 {[%clk 0:01:03]} fxg3 {[%clk 0:06:49]} 36. Rxa6
{[%clk 0:00:52]} Nxf2 {[%clk 0:06:15]} 37. Bxf2 {[%clk 0:00:54]} Rxf2+
{[%clk 0:06:22]} 38. Kxg3 {[%clk 0:01:01]} Ree2 {[%clk 0:06:27]} 0-1

[Event "Rapid 2018"]
[Site "Saint-Petersburg"]
[Date "2018.12.28"]
[Round "13"]
[Board "69"]
[White "Oganian Miran (RUS)"]
[Black "Sychev Klementy (RUS)"]
[Result "0-1"]
[LiveChessVersion "1.4.8"]
[BlackElo "2544"]
[WhiteElo "2506"]

1. d4 {[%clk 0:15:18]} e6 {[%clk 0:15:06]} 2. c4 {[%clk 0:15:24]} f5
{[%clk 0:15:15]} 3. g3 {[%clk 0:15:13]} Nf6 {[%clk 0:15:23]} 4. Bg2
{[%clk 0:15:22]} Be7 {[%clk 0:15:31]} 5. Nf3 {[%clk 0:14:57]} O-O
{[%clk 0:15:37]} 6. O-O {[%clk 0:15:05]} d6 {[%clk 0:15:45]} 7. Nc3
{[%clk 0:15:07]} Ne4 {[%clk 0:15:54]} 8. Qc2 {[%clk 0:15:05]} Nxc3
{[%clk 0:16:01]} 9. Qxc3 {[%clk 0:15:13]} a5 {[%clk 0:15:52]} 10. Qc2
{[%clk 0:14:48]} Nc6 {[%clk 0:15:48]} 11. e4 {[%clk 0:14:13]} fxe4
{[%clk 0:14:33]} 12. Qxe4 {[%clk 0:14:20]} Bf6 {[%clk 0:14:39]} 13. Bh3
{[%clk 0:12:40]} Re8 {[%clk 0:14:25]} 14. Re1 {[%clk 0:12:25]} e5
{[%clk 0:11:38]} 15. Bxc8 {[%clk 0:11:58]} Qxc8 {[%clk 0:11:46]} 16. Bg5
{[%clk 0:09:26]} Nxd4 {[%clk 0:07:41]} 17. Bxf6 {[%clk 0:08:58]} Nxf3+
{[%clk 0:07:45]} 18. Qxf3 {[%clk 0:09:07]} gxf6 {[%clk 0:07:53]} 19. Qxf6
{[%clk 0:08:56]} Qg4 {[%clk 0:07:55]} 20. h3 {[%clk 0:08:02]} Qg6
{[%clk 0:07:16]} 21. Qf3 {[%clk 0:07:19]} e4 {[%clk 0:07:22]} 22. Qb3
{[%clk 0:07:18]} Re5 {[%clk 0:01:06]} 23. Rad1 {[%clk 0:05:09]} Rf8
{[%clk 0:00:24]} 24. c5+ {[%clk 0:01:06]} Rf7 {[%clk 0:00:22]} 25. Qxb7
{[%clk 0:00:46]} e3 {[%clk 0:00:19]} 26. Rxe3 {[%clk 0:00:44]} Rxf2
{[%clk 0:00:16]} 27. Kxf2 {[%clk 0:00:12]} Qc2+ {[%clk 0:00:24]} 28. Kf3
{[%clk 0:00:21]} Qxd1+ 29. Kf4 Qd4+ {[%clk 0:00:26]} 30. Re4 {[%clk 0:00:32]}
Qf2+ {[%clk 0:00:33]} 31. Kg4 {[%clk 0:00:31]} Qf5+ {[%clk 0:00:42]} 0-1

[Event "Rapid 2018"]
[Site "Saint-Petersburg"]
[Date "2018.12.28"]
[Round "13"]
[Board "70"]
[White "Potapov Pavel (RUS)"]
[Black "Kabanov Nikolai (RUS)"]
[Result "1-0"]
[LiveChessVersion "1.4.8"]
[BlackElo "2403"]
[WhiteElo "2541"]

1. e4 {[%clk 0:15:18]} e5 {[%clk 0:15:18]} 2. Nf3 {[%clk 0:15:24]} d6
{[%clk 0:15:26]} 3. d4 {[%clk 0:15:31]} exd4 {[%clk 0:15:34]} 4. Nxd4
{[%clk 0:15:38]} Nf6 {[%clk 0:15:41]} 5. Nc3 {[%clk 0:15:46]} Be7
{[%clk 0:15:50]} 6. Nde2 {[%clk 0:15:39]} O-O {[%clk 0:15:47]} 7. g3
{[%clk 0:15:47]} c6 {[%clk 0:15:14]} 8. Bg2 {[%clk 0:15:54]} Re8 {[%clk 0:14:21]}
9. O-O {[%clk 0:16:00]} Nbd7 {[%clk 0:14:15]} 10. h3 {[%clk 0:16:05]} Bf8
{[%clk 0:14:20]} 11. g4 {[%clk 0:15:40]} Nc5 {[%clk 0:14:05]} 12. Ng3
{[%clk 0:15:46]} a5 {[%clk 0:13:32]} 13. a4 {[%clk 0:15:39]} Qb6 {[%clk 0:13:37]}
14. g5 {[%clk 0:14:39]} Nfd7 {[%clk 0:13:35]} 15. Kh2 {[%clk 0:14:42]} g6
{[%clk 0:13:18]} 16. f4 {[%clk 0:14:48]} Qb4 {[%clk 0:12:37]} 17. Nce2
{[%clk 0:13:47]} Bg7 {[%clk 0:11:39]} 18. Qxd6 {[%clk 0:11:01]} Nxa4
{[%clk 0:11:25]} 19. Qxb4 {[%clk 0:11:09]} axb4 {[%clk 0:11:33]} 20. e5
{[%clk 0:11:15]} Ra6 {[%clk 0:10:15]} 21. Ne4 {[%clk 0:09:56]} Bf8
{[%clk 0:10:22]} 22. Nd4 {[%clk 0:09:27]} Rd8 {[%clk 0:09:13]} 23. b3
{[%clk 0:07:59]} Ndb6 {[%clk 0:07:07]} 24. Nf6+ {[%clk 0:07:07]} Kh8
{[%clk 0:07:13]} 25. bxa4 {[%clk 0:05:07]} Rxd4 {[%clk 0:07:21]} 26. Bb2
{[%clk 0:05:16]} Rd2 {[%clk 0:07:30]} 27. Rad1 {[%clk 0:03:52]} Rxc2
{[%clk 0:07:30]} 28. Rd8 {[%clk 0:03:50]} Kg7 {[%clk 0:07:38]} 29. Rfd1
{[%clk 0:02:27]} Bd7 {[%clk 0:06:49]} 30. e6 {[%clk 0:02:10]} Bxe6
{[%clk 0:05:44]} 31. Be5 {[%clk 0:01:55]} Ra8 {[%clk 0:05:01]} 32. Rxa8
{[%clk 0:01:04]} Nxa8 {[%clk 0:05:08]} 33. Rd8 {[%clk 0:01:12]} Re2
{[%clk 0:03:31]} 34. Bd6 {[%clk 0:01:07]} 1-0